000 00977nam a2200253 a 4500
001 000010121
005 20240412074215.0
008 091005s2005 dr 001 0 spa d
020 _a9945410032
040 _aDO-SdBNP
_bspa
_cBNPHU
082 _aRD861.44
_bT217r
100 1 _aTatem Brache, Jaime,
_d1962-
_925117
245 1 0 _aRituales de la lluvia :
_bpoemas /
_cJaime Tatem Brache.
260 _aSanto Domingo :
_bLetra gráfica,
_c2005.
300 _a116 p. ;
_c22 cm.
500 _aIncluye datos biográficos del autor en la solapa de la contracubierta
500 _aIncluye análisis de la lírica metafíca de Jaime Tatem Brache por Bruno Rosario Candelier
504 _aIncluye bibliografía y notas al pie de las páginas
590 _aInventariado, 2019/LP
600 1 4 _aTATEM BRACHE, JAIME
_d1962-
_xCRÍTICA E INTERPRETACIÓN
_925118
650 0 _aPoesía dominicana
_966
650 0 _aLiteratura dominicana.
_967
910 _aValidado. Control de calidad BNPHU
999 _c9880
_d9880